Memòria i records : orgue i literatura reflexiva al Palau Güell orgue i literatura reflexiva al Palau Güell
Descripción Física:
17 pàgines ; 21 cm
Materias:
Literatura -- Lectura pública
Idioma:
Catalán
MARC
| LEADER | 00000nam a22000007a 4500 | ||
|---|---|---|---|
| 001 | 25489 | ||
| 008 | 220513b spa||||| |||| 00| 0 cat d | ||
| 017 | |a DL B 28227-2015 | ||
| 080 | |a FU-69-2 | ||
| 245 | |a Memòria i records : |b orgue i literatura reflexiva al Palau Güell | ||
| 260 | |a Barcelona : |b Palau Güell, |c 2015 | ||
| 300 | |a 17 pàgines ; |c 21 cm | ||
| 650 | 0 | |9 52920 |a Literatura |x Lectura pública | |
| 710 | 2 | |a Palau Güell (Barcelona) |9 17034 | |
| 942 | |2 udc |c ARXIU |n 1 | ||
| 952 | |0 0 |1 0 |4 0 |6 FU692 |7 1 |9 61672 |a Arxiu |b Arxiu |d 2022-05-13 |l 0 |o FU-69-2 |p 25489 |r 2022-05-13 00:00:00 |w 2022-05-13 |y ARXIU | ||
| 999 | |c 81565 |d 81565 | ||